Datum a čas kvízu
26
Celkem bodů
Celkový počet nahraných bodů na tomto kvízu bez doplňovacích otázek.
4.
Pořadí na kvízu
Konečné umístění týmu na tomto kvízu.
Zaznamenané odpovědi
| # | Otázka | Odpověď | Body | Výsledky |
|---|---|---|---|---|
| 1. | Jistá velká česká společnost o... | 1 | ||
| 2. | Za přísných bezpečnostních opa... | 1 | ||
| 3. | Nejstreamovanější kapela roku... | 1 | ||
| 4. | Další výrobce luxusních vozů o... | 1 | ||
| 5. | Londýnský fotbalový klub Fulha... | 0 | ||
| 5. | Jak se jmenuje vítězka páté řa... | 1 | ||
| 5. | Jak zní křestní jméno italskéh... | 0 | ||
| 8. | Dvojnásobná olympijská vítězka... | 1 | ||
| 5. | Herečku Hanu Vagnerovou můžeme... | 1 | ||
| 10. | Přiřaďte jména známých osobnos... | 1 |